|
|
|
|
| LEADER |
01070nam a2200277 a 4500 |
| 001 |
1964944 |
| 008 |
100111s1989 nyua b 001 0 eng d |
| 010 |
|
|
|a 88017909
|
| 020 |
|
|
|a 0195056469
|
| 020 |
|
|
|a 0195056477 (pbk.)
|
| 040 |
|
|
|a DLC
|c DLC
|d DLC
|d BD-DhAAL
|
| 082 |
0 |
0 |
|a 303.4/4/091724
|2 19
|
| 245 |
0 |
0 |
|a Studies of development and change in the modern world /
|c [edited by] Michael T. Martin, Terry R. Kandal.
|
| 260 |
|
|
|a New York :
|b Oxford University Press,
|c 1989.
|
| 300 |
|
|
|a xii, 458 p. :
|b ill. ;
|c 20 cm.
|
| 504 |
|
|
|a Includes bibliographies and index.
|
| 541 |
1 |
|
|e 00004210
|
| 650 |
|
0 |
|a Economic development.
|
| 650 |
|
0 |
|a Social change.
|
| 651 |
|
0 |
|a Developing countries
|x Economic policy.
|
| 651 |
|
0 |
|a Developing countries
|x Social conditions.
|
| 700 |
1 |
|
|a Martin, Michael T.
|
| 700 |
1 |
|
|a Kandal, Terry R.
|
| 852 |
4 |
|
|a Ayesha Abed Library
|j General Shelf.
|
| 999 |
|
|
|c 6882
|d 6882
|
| 952 |
|
|
|0 0
|1 0
|2 ddc
|4 0
|6 303_440917240000000_STU_1989
|7 0
|9 7092
|a BRACUL
|b BRACUL
|c GEN
|d 2010-01-12
|g 1644.50
|l 0
|o 303.44091724 STU
|p 3010004210
|r 2010-01-12
|t 1
|w 2010-01-12
|y BK
|